And all for love

Αποθηκεύτηκε σε:
Λεπτομέρειες βιβλιογραφικής εγγραφής
Κύριος συγγραφέας: Diane Mowat
Μορφή: Βιβλίο
Γλώσσα:Undetermined
Έκδοση: Oxford Oxford University Press 2001
Ετικέτες: Προσθήκη ετικέτας
Δεν υπάρχουν, Καταχωρήστε ετικέτα πρώτοι!
Thư viện lưu trữ: Trung tâm Học liệu Trường Đại học Cần Thơ
LEADER 00351nam a2200133Ia 4500
001 CTU_65092
008 210402s9999 xx 000 0 und d
020 |b 54000 
100 |a Diane Mowat 
245 4 |a And all for love 
260 |a Oxford 
260 |b Oxford University Press 
260 |c 2001 
980 |a Trung tâm Học liệu Trường Đại học Cần Thơ